000 01328nam a22002897a 4500
005 20170411153000.0
008 140714b xxu||||| |||| 00| 0 Urdu d
010 _aUR-8595 B-548035-042 B-665908
020 _a9789350733561
_c300.00
035 _aU-7150 B-548035-042 B-665908
037 _bBPPD/Pub/Ven
037 _bDBAD/Pub.
037 _bPansy Books(Vend.)/Edu.pub. House(Pub.)
040 _aDPL
_bUrdu
082 _a840.8
100 _aر ا شد آ ز ر
245 _aمير کی غز ل گو ئ
_cر ا شد آ ز ر
246 _aMeer ki Ghazal Goi
_bbyRashid Azar
260 _aد ھلی
_bا يجو کيشنل پبليشنگ ہا ؤس
_c2014
260 _bPansy Books(Vender)
270 _a3108،و کيل اسٹر يٹ ،کو چہ پنڈ ت ،لال کنو ا ن
_bد ھلی
_e110006
_k23216162،23214465
270 _aR2,/66/A Somesh Vihar,Chhawala
_bNew Delhi
_e110071
_k01125317355
300 _a264ص
_c22Cm (Hb)
942 _2ddc
_cUR
_e
_h840.8
_mم ی ر
999 _c87381
_d87381